| 000 | 01061nam a22003257a 4500 | ||
|---|---|---|---|
| 001 | BR2012004654 | ||
| 003 | BR-BrBNA | ||
| 005 | 20230928104013.0 | ||
| 007 | ta | ||
| 008 | 230509b bl.||||| |||| 00| 0 por d | ||
| 040 |
_aBR-BrBNA _bpor _cBiblioteca Nacional de Agricultura |
||
| 041 | _a(Por) | ||
| 072 | _aU10; P10 | ||
| 090 | _ U10 BR2012004654 | ||
| 100 | 1 | _aPinto, D.B.F. | |
| 110 | 1 |
_aUniversidade Federal de Lavras, MG (Brasil) _0Tese (Doutorado) |
|
| 245 | 1 | _aAplicação do modelo SWAT (Soil and Water Assessment Tool)na simulação hidrossedimentológica em bacia hidrográfica da Serra da Mantiqueira, MG | |
| 260 | 3 |
_aLavras, MG (Brasil): _c2011. |
|
| 300 | _a224 p. | ||
| 500 | _aSummaries (Eng, Por); Bibliography p. 145-160; 18 tables; 44 illus. | ||
| 650 | _aBACIA HIDROGRÁFICA | ||
| 650 | _aSEDIMENTAÇÃO | ||
| 650 | _aSIMULAÇÃO | ||
| 650 | _aQUALIDADE DA ÁGUA | ||
| 650 | _aPOLUIÇÃO AMBIENTAL | ||
| 650 | _aMODELO MATEMÁTICO | ||
| 650 | _aMINAS GERAIS | ||
| 909 |
_a202309 _bLucia _c55 _dLucia Elande |
||
| 942 | _cBK | ||
| 999 |
_c77650 _d77650 |
||